Testigos de la historia de la tuberculosis 1679-1970 (Registro nro. 81016)

Detalles MARC
000 -ENCABEZADO
Número de control [NR] 00668nam a22002057a 4500
005 - FECHA Y HORA DE LA ÚLTIMA TRANSACCIÓN
control field 20211112083113.0
008 - DE LONGITUD FIJA DE DATOS DE ELEMENTOS - INFORMACIÓN GENERAL
Elementos de longitud fija [NR] 130821s1970 xx a gr spa
040 ## - FUENTE DE CATALOGACION [NR]
Agencia de catalogación original [NR] Co-BoUCM
Idioma de catalogación [NR] spa
Quien Cataloga Luz Cupitra (modificó)
Quien Clasifica Luz Cupitra (modificó)
041 00 - CODIGO DE IDIOMA [R]
Código de idioma para texto/pista de sonido o título separado [R] Español
060 04 - SIGNATURA TOPOGRAFICA DE LA BIBLIOTECA NACIONAL DE MEDICINA (NLM) [R]
Número clasificador [R] WZ 55
092 ## - SIGNATURA TOPOGRAFICA LOCAL
Número de clasificación local FMR 0264
245 00 - MENCION DE TITULO [NR]
Título [NR] Testigos de la historia de la tuberculosis 1679-1970
Mención de responsabilidad, etc. [NR] CIBA
260 ## - PUBLICACION, DISTRIBUCION, ETC. (PIE DE IMPRENTA) [R]
Lugar de publicación, distribución, etc. [R] [Lugar desconocido]
Nombre del editor, distribuidor, etc. [R] CIBA
Fecha de publicación, distribución, etc. [R] 1970
300 ## - DESCRIPCION FISICA [R]
Extensión [R] 32 páginas
Otros detalles físicos [NR] gráficas
650 04 - ASIENTO SECUNDARIO DE MATERIA - TERMINO TEMATICO [R]
Término temático o nombre geográfico como elemento de entrada [NR] Enfermedades
Subdivisión general [R] Historia
9 (RLIN) 7563
650 04 - ASIENTO SECUNDARIO DE MATERIA - TERMINO TEMATICO [R]
Término temático o nombre geográfico como elemento de entrada [NR] Medicina
Subdivisión general [R] Historia
9 (RLIN) 225
650 04 - ASIENTO SECUNDARIO DE MATERIA - TERMINO TEMATICO [R]
Término temático o nombre geográfico como elemento de entrada [NR] Medicina
Subdivisión general [R] Historia
9 (RLIN) 225
650 04 - ASIENTO SECUNDARIO DE MATERIA - TERMINO TEMATICO [R]
Término temático o nombre geográfico como elemento de entrada [NR] Tuberculosis
Subdivisión general [R] Transmisión
9 (RLIN) 25922
942 ## - ELEMENTOS DE ENTRADA AGREGADOS (KOHA)
Tipo de ítem principal el descrito en 300a Libro
Tema principal Medicina
Edición 1
Sistema de clasificación NLM
Clasificación WZ
Parte restante de la signatura top. 55
Existencias
Fecha de último préstamo Total préstamos Total Renewals Signatura topográfica Código de barras Última vez visto Ejemplar Price effective from Tipo de ítem Nota pública (OPAC) Perdido Sistema de clasificación Dañado No prestable Tipo de ítem específico Suprimido Ubicación habitual Ubicación actual Localización Fecha de creación Forma de adquisición Costo
13/02/2019 3 7 FMR 0264 100107372 12/12/2025 Ej.3 03/02/2013 Libro Spot Historia de la Medicina   LOCAL     Libro   Quinta de Mutis Quinta de Mutis 3er piso 28/02/2010 Donación 26000.00